00430nam a22001697a 450000500170000001000130001702000110003003500120004103700180005308200080007110000360007924500340011524600410014925000090019026000300019930000310022920151106145917.0 aPUN-7786 c150.00 aPN-6904 aunistar books a851 aਕੈਂਥ,ਪਰਨਦੀਪ aਕਲਮ ਦਾ ਨੇਤਰ aKalam da nayterbbyKainth, Parandeep a2012 aChandigarhbUnistar Books aPg.94b22cmਸਜਿਲਦ